000 005480000a22001810004500
020 _a958-04-2650-3
041 0 _aSPA
082 0 4 _aG 658 H2244r
100 1 _aHammer, Michael (1948- )
245 1 0 _aReingeniería : Olvide lo que usted sabe sobre cómo debe funcionar una empresa. Todo está errado / Michael Hammer, James Champy
260 _aBarcelona, España : Norma
300 _a226 Pag
001 10562
942 _cBK
999 _c40092
_d40092
336 _atexto
_btxt
_2rdacontent
337 _2rdamedia
_asin mediación
_bn
338 _2rdacarrier
_avolumen
_bnc